000
00325nam a2200109Ia 4500
008
200302s9999 xx 000 0 und d
100
_a
Ismail Serageldin (80)
245
_a
Space for Freedom The Search for Architectural Excellence in Muslim Societies
260
_b
Butterworth Architecture
260
_c
1989
300
_a
304 P.,
999
_c
5485
_d
5485